[Event "GER-chT U20"]
[Site "Magdeburg"]
[Date "2023.12.30"]
[Round "7.5"]
[White "Senel, Serdar"]
[Black "Kvantaliani, Saba"]
[Result "0-1"]
[WhiteElo "1019"]
[BlackElo "1963"]
[PlyCount "86"]
[EventDate "2023.12.26"]
[EventType "team-swiss"]
[EventRounds "7"]
[EventCountry "GER"]
[SourceTitle "CB03_2024"]
[SourceDate "2024.01.17"]
[SourceVersion "1"]
[SourceVersionDate "2024.01.17"]
[SourceQuality "1"]
[WhiteTeam "Hemer"]
[BlackTeam "Muenster 32"]
[WhiteTeamCountry "GER"]
[BlackTeamCountry "GER"]

1. d4 Nf6 2. Nf3 e6 3. e3 d5 4. Bd3 c5 5. b3 Nc6 6. 0-0 Bd6 7. Bb2 0-0 8. Nbd2 Re8 9. Ne5 Qc7 10. f4 cxd4 11. exd4 Nb4 12. Ndf3 Nxd3 13. Qxd3 Ne4 14. Ng5 f6 15. Nxe4 dxe4 16. Qxe4 fxe5 17. fxe5 Bf8 18. c4 a5 19. d5 a4 20. d6 Qa5 21. Qf4 Qd8 22. Qf7+ Kh8 23. Bd4 Bd7 24. b4 b5 25. c5 Bc6 26. Rf4 g6 27. g3 Bg7 28. Raf1 Rf8 29. Qxe6 Re8 30. Qg4 Bd5 31. a3 Re6 32. Rf7 Kg8 33. Qf4 Qe8 34. Rc7 Bc4 35. Rf2 Bxe5 36. Bxe5 Rxe5 37. c6 Re1+ 38. Kg2 Qe6 39. g4 Bd5+ 40. Kg3 Re3+ 41. Kh4 Bc4 42. Qg5 h6 43. Re7 hxg5+ 0-1

[Event "GER-chT U20"]
[Site "Magdeburg"]
[Date "2023.12.27"]
[Round "2.5"]
[White "Tulchynsky, Mark"]
[Black "Senel, Serdar"]
[Result "1-0"]
[WhiteElo "1625"]
[BlackElo "1019"]
[PlyCount "41"]
[EventDate "2023.12.26"]
[EventType "team-swiss"]
[EventRounds "7"]
[EventCountry "GER"]
[SourceTitle "CB03_2024"]
[SourceDate "2024.01.17"]
[SourceVersion "1"]
[SourceVersionDate "2024.01.17"]
[SourceQuality "1"]
[WhiteTeam "Guettingen Rochade"]
[BlackTeam "Hemer"]
[WhiteTeamCountry "GER"]
[BlackTeamCountry "GER"]

1. e4 e5 2. f4 d5 3. exd5 exf4 4. Nf3 Nf6 5. d4 Nxd5 6. Bc4 Be6 7. Bb3 Bb4+ 8. c3 Bd6 9. 0-0 0-0 10. c4 Ne3 11. Bxe3 fxe3 12. Qd3 Re8 13. Nc3 Bg4 14. Rae1 Bxf3 15. Rxf3 Bxh2+ 16. Kxh2 Qh4+ 17. Rh3 Qxe1 18. Qxh7+ Kf8 19. Nd5 f6 20. Qg6 Nd7 21. Rh8# 1-0

[Event "GER-ch U10"]
[Site "Willingen"]
[Date "2021.08.29"]
[Round "11"]
[White "Moskalenko, Michael"]
[Black "Senel, Serdar"]
[Result "1-0"]
[WhiteElo "1220"]
[BlackElo "1179"]
[PlyCount "59"]
[EventDate "2021.08.22"]
[EventType "swiss"]
[EventRounds "11"]
[EventCountry "GER"]
[SourceTitle "EXT 2022"]
[Source "ChessBase"]
[SourceDate "2021.10.06"]
[SourceVersion "1"]
[SourceVersionDate "2021.10.06"]
[SourceQuality "1"]

1. d4 d5 2. c4 dxc4 3. e4 e6 4. Nf3 Bb4+ 5. Nc3 h6 6. Bxc4 Nf6 7. Qc2 Nc6 8. e5 Nd5 9. 0-0 Nb6 10. Bb5 Bd7 11. Rd1 a6 12. Bxc6 Bxc6 13. Qd3 0-0 14. Qe3 Bxc3 15. bxc3 Nc4 16. Qf4 Ba4 17. Re1 Nb6 18. Qg3 Kh7 19. Re4 Rg8 20. Rh4 Nd5 21. Ng5+ Qxg5 22. Qxg5 Rgd8 23. Qh5 Kg8 24. Bxh6 g6 25. Qg5 b5 26. Qg3 Rab8 27. Qh3 b4 28. Bg5 f6 29. Rh8+ Kf7 30. Qh7# 1-0

[Event "GER-ch U10"]
[Site "Willingen"]
[Date "2021.08.27"]
[Round "8"]
[White "Senel, Serdar"]
[Black "Zimmer, Tim"]
[Result "0-1"]
[WhiteElo "1179"]
[BlackElo "1013"]
[PlyCount "87"]
[EventDate "2021.08.22"]
[EventType "swiss"]
[EventRounds "11"]
[EventCountry "GER"]
[SourceTitle "EXT 2022"]
[Source "ChessBase"]
[SourceDate "2021.10.06"]
[SourceVersion "1"]
[SourceVersionDate "2021.10.06"]
[SourceQuality "1"]

1. e4 e5 2. Nf3 Nc6 3. Bb5 a6 4. Bxc6 dxc6 5. d3 Bg4 6. h3 Bxf3 7. Qxf3 Qf6 8. Nd2 Qxf3 9. Nxf3 f6 10. g4 0-0-0 11. g5 Be7 12. gxf6 Bxf6 13. Bg5 Ne7 14. Nxe5 Bxe5 15. Bxe7 Bxb2 16. Bxd8 Bxa1 17. Bg5 Bd4 18. Be3 Bxe3 19. fxe3 Rf8 20. Rf1 Rxf1+ 21. Kxf1 Kd7 22. Kf2 g5 23. Kg3 h5 24. d4 Ke6 25. c3 b5 26. Kf3 c5 27. a3 a5 28. dxc5 Ke5 29. c6 a4 30. Ke2 Kxe4 31. Kd2 g4 32. hxg4 hxg4 33. Ke2 g3 34. Kf1 Kxe3 35. Kg2 Kf4 36. Kf1 Kf3 37. Kg1 g2 38. c4 bxc4 39. Kh2 Kf2 40. Kh3 g1Q 41. Kh4 Kf3 42. Kh5 Kf4 43. Kh6 Kf5 44. Kh7 0-1

[Event "GER-ch U10"]
[Site "Willingen"]
[Date "2021.08.24"]
[Round "3"]
[White "Seth, Aakrit"]
[Black "Senel, Serdar"]
[Result "1-0"]
[WhiteElo "1330"]
[BlackElo "1179"]
[PlyCount "79"]
[EventDate "2021.08.22"]
[EventType "swiss"]
[EventRounds "11"]
[EventCountry "GER"]
[SourceTitle "EXT 2022"]
[Source "ChessBase"]
[SourceDate "2021.10.06"]
[SourceVersion "1"]
[SourceVersionDate "2021.10.06"]
[SourceQuality "1"]

1. e4 e5 2. Nf3 Nc6 3. Bc4 Bc5 4. Nc3 d6 5. h3 Nf6 6. d3 h6 7. 0-0 0-0 8. Na4 Bb6 9. Nxb6 axb6 10. a3 Be6 11. Bxe6 fxe6 12. Bd2 Nh7 13. c3 Rf7 14. Qb3 Qe7 15. d4 Rxf3 16. gxf3 exd4 17. c4 Ng5 18. Kh2 Ne5 19. Bxg5 Qxg5 20. Rg1 Qf4+ 21. Rg3 Rf8 22. Kg2 d3 23. Qd1 d2 24. b3 g5 25. Ra2 h5 26. Qxd2 Kh7 27. Qxf4 gxf4 28. Rg5 Kh6 29. h4 c6 30. Kh3 Rf6 31. Rg8 Nxf3 32. Ra1 Nd2 33. Rb8 Nxb3 34. Rb1 Nc5 35. f3 Rg6 36. Rf1 Nb3 37. Rd1 e5 38. Rxb7 Rg3+ 39. Kh2 Rxf3 40. Rxd6# 1-0

[Event "GER-ch U10"]
[Site "Willingen"]
[Date "2021.08.23"]
[Round "1"]
[White "Merenda, Lukas Benedikt"]
[Black "Senel, Serdar"]
[Result "1-0"]
[WhiteElo "1222"]
[BlackElo "1179"]
[PlyCount "81"]
[EventDate "2021.08.22"]
[EventType "swiss"]
[EventRounds "11"]
[EventCountry "GER"]
[SourceTitle "EXT 2022"]
[Source "ChessBase"]
[SourceDate "2021.10.06"]
[SourceVersion "1"]
[SourceVersionDate "2021.10.06"]
[SourceQuality "1"]

1. e4 g6 2. d4 Bg7 3. Nf3 e6 4. Nc3 Ne7 5. Be3 d5 6. e5 0-0 7. Bd3 Nbc6 8. Qd2 Nb4 9. Be2 Nf5 10. a3 Nxe3 11. fxe3 Nc6 12. 0-0-0 a5 13. h4 Ne7 14. h5 Nf5 15. g4 Nh6 16. Rdg1 Bd7 17. e4 dxe4 18. Nxe4 Bc6 19. Nf6+ Bxf6 20. exf6 Qxf6 21. Qxh6 Qg7 22. Qxg7+ Kxg7 23. Rh3 Rh8 24. Ne5 f6 25. Nxc6 bxc6 26. Bf3 Ra6 27. Be4 Rb8 28. hxg6 hxg6 29. Rgh1 f5 30. g5 Rab6 31. Rh7+ Kf8 32. Rh8+ Ke7 33. Rxb8 Rxb8 34. Bxc6 Kd6 35. Bf3 e5 36. c3 e4 37. Be2 f4 38. Rh6 Rg8 39. Bh5 f3 40. Bxg6 Kd5 41. Bf7# 1-0